| 000 | 00564nam a2200193 a 4500 | ||
|---|---|---|---|
| 001 | 000024405 | ||
| 005 | 20250205124808.0 | ||
| 008 | 110127s1976 dr a 000 0 spa d | ||
| 040 |
_aDO-SdBNP _bspa _cBNPHU |
||
| 082 |
_axxx _bC343r |
||
| 245 | 0 | 0 |
_aRealidad contemporanea / _cRoberto Cassá... [et.al.]. |
| 260 |
_aSanto Domingo : _bAlfa y Omega, _c1976. |
||
| 300 |
_a172 p. : _bil. ; _c23 cm. |
||
| 500 | _aIncluye notas | ||
| 700 | 1 |
_aLozano, Wilfredo _d1950- _97126 |
|
| 700 | 1 |
_aBáez Everetsz, Frank _950034 |
|
| 700 | 1 |
_aGómez, Luis _99238 |
|
| 049 | _aBNPD | ||
| 999 |
_c23898 _d23898 |
||